Pays Membres de la Ligue Arabe - Statistiques

Statistiques générales
  • Ce quiz a été pris 1 456 fois
  • Le résultat moyen est 19 sur 22
Réponses sur la Carte
Les réponses sont colorées sur une échelle allant du rouge au vert en fonction du pourcentage des utilisateurs qui les ont devinées à leur premier essai. Vous pouvez retrouver ces pourcentages ci-dessous.
 
Statistiques - réponses
Pays % Correct
Algérie
99%
Maroc
99%
Égypte
98%
Tunisie
98%
Libye
95%
Arabie Saoudite
94%
Mauritanie
91%
Soudan
90%
Irak
87%
Oman
86%
Qatar
86%
Émirats arabes unis
85%
Yémen
85%
Syrie
84%
Liban
83%
Somalie
83%
Jordanie
80%
Palestine
77%
Koweït
72%
Djibouti
68%
Bahreïn
62%
Comores
54%
Aucun quiz correspondant
Distribution des résultats
% des personnes avec chaque résultat
Percentile par nombre de réponses
Votre historique - résultats
Vous n’avez pas pris ce quiz